000 00702nam a22002537a 4500
001 BR8704304
003 BR-BrBNA
005 20230928092701.0
007 ta
008 230509b bl.||||| |||| 00| 0 por d
040 _aBR-BrBNA
_bpor
_cBiblioteca Nacional de Agricultura
041 _a(Por)
072 _aL01
_b5214
090 _ 5214 BR8704304
110 1 _aCentro Nacional de Pesquisa de Gado de Leite, Coronel Pacheco, MG (Brasil)
_91775
245 1 _aCria e recria de bezerros leiteiros
260 3 _aCoronel Pacheco, MG (Brasil):
_c1985.
300 _a26 p.
650 _aBEZERRO
650 _aCRIACAO
650 _aVETERINARIA
909 _a202309
_bLucia
_c55
_dLucia Elande
942 _cBK
999 _c40589
_d40589